Statistiken für Top 15 Länder mit Covid-19-Todesfällen - 16. März 2022

Klicken Sie hier um das Quiz zu spielen!

Allgemein

  • Dieses Quiz wurde 15 mal gespielt
  • Das Durchschnittsergebnis liegt bei 16 aus 26

Antwortstatistiken

Land% Korrekt
Deutschland
100%
Frankreich
100%
Italien
100%
Vereinigte Staaten
100%
Brasilien
83%
Mexiko
83%
Indien
75%
Russland
75%
Vereinigtes Königreich
75%
Argentinien
67%
Kolumbien
67%
Indonesien
58%
Iran
58%
Peru
58%
Polen
58%
Bulgarien
50%
Rumänien
50%
Slowakei
50%
Tschechien
50%
Slowenien
42%
Ungarn
42%
Bosnien und Herzegowina
25%
Georgien
25%
Kroatien
25%
Litauen
25%
Nordmazedonien
25%

Verteilung der Resultate

Perzentil nach korrekt beantworteten Fragen

Anzahl Personen mit jedem Resultat

Ihre Resultats-Entwicklung

Sie haben dieses Quiz noch nicht gespielt